000
00288nam a22001337a 4500
008
170508b xxu||||| |||| 00| 0 eng d
020
_a
2900735557344
041
_a
eng
080
_2
2ND
_a
341
100
_a
15
101
_a
SHJ
245
_a
INTERNATIONAL LAW
_c
DUNOFF
942
_2
udc
_c
BK
999
_c
12937
_d
12937